|
|
|
|
| LEADER |
00000nab a2200000 a 4500 |
| 001 |
vtls010256623 |
| 003 |
SK-MaSNL |
| 005 |
20260304162156.0 |
| 008 |
25050709c2007 xo o |||||||||||||||slol |
| 015 |
|
|
|a SNBRB2008/05
|
| 035 |
|
|
|a SVKKK000089609
|
| 035 |
|
|
|a (urnnbn)urn:nbn:sk:snk:ar-005ju0
|
| 035 |
|
|
|a (uuid)01e57865-d759-4e1d-be99-5530110a52b1
|
| 035 |
|
|
|a urn:nbn:sk:snk-ab80c6
|
| 038 |
|
|
|a SVKKK
|
| 040 |
|
|
|a SNKBUCL
|b slo
|c SNKBUCL
|e AACR2
|
| 041 |
0 |
|
|a slo
|
| 044 |
|
|
|a xo
|c SK
|
| 080 |
|
|
|a 551.26(234.372.3)
|2 1997
|
| 080 |
|
|
|a 550.93
|2 1997
|
| 100 |
1 |
|
|a Konečný, Vlastimil,
|d 1935-
|4 aut
|9 99988
|
| 245 |
1 |
0 |
|a Časová evolúcia vulkanicko-sedimentárnych formácií južných okrajov Krupinskej vrchoviny, Burdy a stratovulkánu Javoria na základe nových K/Ar rádiometrických datovaní
|c V. Konečný, Z. Peczkay
|
| 650 |
0 |
7 |
|a vulkanicko-sedimentárne formácie
|x rádiometrické datovanie K/Ar
|x evolúcia
|z Burda (Slovensko)
|2 snkbucl
|9 1487283
|
| 700 |
1 |
|
|a Pécskay, Zoltán
|4 aut
|9 1152445
|
| 773 |
0 |
|
|t Mineralia slovaca
|g Roč. 39, č. 4 (2007)
|g Č. 4 (2007), s. 7-8
|x 0369-2086
|
| 773 |
0 |
|
|t Geovestník
|g Roč. 39, č. 4 (2007)
|g Č. 4 (2007), s. 7-8
|x 0369-2086
|
| 850 |
|
|
|a Slovenská národná knižnica
|
| 852 |
|
|
|a Slovenská národná knižnica
|
| 954 |
|
|
|a odborná, vedecká literatúra pôvodná (slovenská)
|2 lita
|
| 958 |
|
|
|a article9
|
| 958 |
|
|
|a OND
|
| 958 |
|
|
|a SK
|
| 958 |
|
|
|a EUIPO
|
| 999 |
|
|
|c 2973571
|d 2975501
|